=LDR 00000nam 2200000 4500 =001 INLIS000000000047566 =005 20200219110205 =035 ##$$a 0010-011600000000024 =008 200219################g##########0#ind## =041 ##$$a Ind =082 ##$$a 070.170 4 =090 ##$$a 070.170 4, Tes m =100 ##$$a Tester, Keith =245 1#$$a Media, Budaya dan Moralitas /$c Keith Tester =260 ##$$a Yogyakarta :$b Juxtapose,$c 2003 =300 ##$$a viii,250 Hlm ; $c 15 x 21 cm. =650 #4$$a Mediamassa - Moralitas =850 ##$$a NBPNMAT =084 ##$$a 070.170 4 TES m =504 ##$$a Bibliografi : hlm. 241 - 246 =504 ##$$a Indeks : hlm. 247 - 250 =250 ##$$a Cet. 1 =990 ##$$a 10310694 =990 ##$$a 10310691 =990 ##$$a 10310692